[Event "Regionalliga SW9899"]
[Site "Bayern"]
[Date "1999.??.??"]
[Round "?"]
[White "Berndt, Axel"]
[Black "Waelzel, Helmut"]
[Result "1/2-1/2"]
[WhiteElo "2205"]
[BlackElo "2265"]

1.e4 e6 2.d4 d5 3.Nc3 Bb4 4.e5 Qd7 5.Bd2 b6 6.Bb5 c6 7.Ba4 Ba6 8.Nce2 Bxd2+
9.Qxd2 Bb5 10.Bxb5 cxb5 11.Nf4 Nc6 12.Nf3 h5 13.h4 Nge7 14.O-O Nf5 15.b3  1/2-1/2

[Event "Regionalliga SW9899"]
[Site "Bayern"]
[Date "1999.??.??"]
[Round "?"]
[White "Rogobete, Nikolas Johann"]
[Black "Glaser, Wolfgang"]
[Result "1-0"]
[WhiteElo "2145"]
[BlackElo "2130"]

1.e4 e6 2.d4 d5 3.Nc3 Bb4 4.e5 Qd7 5.a3 Bxc3+ 6.bxc3 b6 7.a4 Ba6 8.Bxa6 Nxa6
9.Qg4 f5 10.Qh5+ Qf7 11.Qe2 Nb8 12.c4 dxc4 13.Qxc4 Qd7 14.Nf3 h6 15.O-O Ne7
16.Ba3 Nbc6 17.Rfd1 Qd5 18.Qd3 Na5 19.c4 Qe4 20.Qc3 Ng6 21.Re1 Qc6 22.Bb4 Nf4
23.h4 g5 24.d5 exd5 25.e6 O-O-O 26.e7 Rdg8 27.Bxa5 bxa5 28.Qe5 dxc4 29.Rab1 Qd5
30.Qf6 gxh4 31.Qa6+ Kd7 32.Ne5+ Kxe7 33.Ng6+ Kf7 34.Re7+  1-0

[Event "Oberliga Bayern9899"]
[Site "Bayern"]
[Date "1999.??.??"]
[Round "?"]
[White "Unzicker, Ferdinand"]
[Black "Reilein, Christian"]
[Result "1-0"]
[WhiteElo "2265"]
[BlackElo "2310"]

1.e4 e6 2.d4 d5 3.Nc3 Bb4 4.e5 Ne7 5.a3 Bxc3+ 6.bxc3 c5 7.h4 Nbc6 8.Nf3 Bd7
9.h5 h6 10.Rb1 Qc7 11.Bd3 cxd4 12.cxd4 Nxd4 13.Nxd4 Qc3+ 14.Kf1 Qxd4 15.Rb4 Qxe5
16.Bb2 Qd6 17.Bxg7 Rg8 18.Qa1 Nc6 19.Rg4 O-O-O 20.Bh7 Rge8 21.Rg3 e5 22.Qc1 Nd4
23.Qxh6 Bb5+ 24.Bd3 Qxa3 25.Kg1 Bxd3 26.Rxd3 Qb4 27.Qe3 Qd6 28.h6 Kb8 29.h7 Nf5
30.Qg5 Nxg7 31.Qxg7 Qg6 32.Qxg6 fxg6 33.Rg3 Rh8 34.Rxg6 Kc7 35.Rh5 Rd7 36.Rgh6 Re7
37.g4 a5 38.g5 Rg7 39.Kg2 a4 40.Kg3 a3 41.g6 Kd6 42.Kg4 Ke6 43.Kg5 e4 44.Rh3 Ke5
45.Rxa3 b5 46.Rh5 Rd7 47.Kh6+ Kf4 48.Rh4+ Kf5 49.Rg3 Rd6 50.Rg5+ Ke6 51.Rf4 b4
52.g7 Ke7+ 53.Rg6  1-0

[Event "Landesliga Sued 9899"]
[Site "Bayern"]
[Date "1999.??.??"]
[Round "?"]
[White "Salvermoser, Bernd"]
[Black "Ploehn, Heiko"]
[Result "0-1"]
[WhiteElo "2245"]
[BlackElo "2165"]

1.e4 e6 2.d4 d5 3.Nc3 Bb4 4.e5 Ne7 5.a3 Bxc3+ 6.bxc3 c5 7.Qg4 O-O 8.Bd3 f5
9.exf6 Rxf6 10.Bg5 Rf7 11.Qh4 h6 12.Bd2 c4 13.Be2 Nbc6 14.f4 Qf8 15.Nh3 Bd7
16.Kd1 Nf5 17.Qe1 Nd6 18.Bf3 Ne7 19.Rg1 Rf6 20.Nf2 Ng6 21.g3 Nb5 22.Bc1 Rd8
23.Ng4 Rf5 24.Bg2 Kh8 25.Bh3 e5 26.a4 Rh5 27.axb5 Rxh3 28.Nf2 Rxh2 29.dxe5 Bxb5
30.Be3 a6 31.Ng4 Rh5 32.Bd4 Ne7 33.Bc5 Qe8 34.Ne3 Nc6 35.g4 Rh3 36.Qf1 Rh2
37.Nf5 Qg6 38.Rg3 d4 39.cxd4 c3 40.Qg1 Rd2+ 41.Kc1 Be2 42.Ra3 Rd1+ 43.Qxd1 Bxd1
44.Kxd1 Qe6 45.Rd3 Qd5 46.Raxc3 Qh1+ 47.Ke2 Qe4+ 48.Ne3 Qxf4  0-1

[Event "Regionalliga NO9899"]
[Site "Bayern"]
[Date "1999.??.??"]
[Round "?"]
[White "Proeschel, Gerhard"]
[Black "Staeblein, Christoph"]
[Result "1-0"]
[WhiteElo "2025"]
[BlackElo "2105"]

1.e4 e6 2.d4 d5 3.Nc3 Bb4 4.e5 Ne7 5.a3 Bxc3+ 6.bxc3 c5 7.Qg4 O-O 8.Bd3 f5
9.exf6 Rxf6 10.Qh5 h6 11.Nf3 Nbc6 12.O-O c4 13.Be2 Bd7 14.Nh4 Qa5 15.Bb2 Qc7
16.Nf3 Be8 17.Qh3 Bg6 18.Rac1 Raf8 19.Nh4 Bh7 20.Qe3 g5 21.Nf3 Nf5 22.Qd2 Nd6
23.Qe3 Ne4 24.Rce1 Ne7 25.h3 Nf5 26.Qc1 Ng7 27.Bd1 Bf5 28.Ne5 h5 29.Bf3 g4
30.hxg4 hxg4 31.Bxg4 Bxg4 32.Nxg4 Rf4 33.Qd1 Qf7 34.Nh6+  1-0

[Event "Regionalliga NO9899"]
[Site "Bayern"]
[Date "1999.??.??"]
[Round "?"]
[White "Radeck, Kurt"]
[Black "Pfeiffer, Georg"]
[Result "0-1"]
[WhiteElo "1930"]
[BlackElo "1955"]

1.e4 e6 2.d4 d5 3.Nc3 Bb4 4.e5 Ne7 5.a3 Bxc3+ 6.bxc3 c5 7.Nf3 Nbc6 8.Bd3 Qc7
9.O-O Bd7 10.Re1 c4 11.Bf1 f6 12.a4 Ng6 13.Qe2 O-O-O 14.Ba3 Qa5 15.Qd2 Nce7
16.Bb4 Qc7 17.Qc1 Nf5 18.Qb2 Rde8 19.a5 Bc6 20.Bc5 a6 21.Qb4 h5 22.Rab1 Nf8
23.Bb6 Qb8 24.Rbd1 Nd7 25.Rd2 Nh6 26.Rde2 fxe5 27.dxe5 Nf7 28.Bd4 g5 29.Re3 Reg8
30.Nd2 g4 31.f4 gxf3 32.Nxf3 Qc7 33.Kh1 Qd8 34.Qa3 h4 35.R3e2 h3 36.Bg1 Ng5
37.Nxg5 Qxg5 38.Bd4 Qh5 39.Bg1 d4 40.cxd4 hxg2+ 41.Bxg2 Rxg2 42.Rxg2 Rg8
43.Bf2 Rxg2  0-1

[Event "JUG-ch"]
[Site "Belgrade"]
[Date "1999.??.??"]
[Round "3"]
[White "Pavlovic, Milos"]
[Black "Drasko, Milan"]
[Result "0-1"]
[WhiteElo "2525"]
[BlackElo "2505"]

1.e4 e6 2.d4 d5 3.Nc3 Bb4 4.e5 Ne7 5.a3 Bxc3+ 6.bxc3 c5 7.Qg4 O-O 8.Bd3 f5
9.Qh3 b6 10.Nf3 Qe8 11.O-O Ba6 12.dxc5 Bxd3 13.cxd3 bxc5 14.Rb1 Nec6 15.a4 Nd7
16.d4 Nb6 17.a5 Na4 18.Re1 Nxa5 19.dxc5 Nc4 20.Rb7 Nxc5 21.Rc7 Ne4 22.Nd4 Rf7
23.Rc6 Re7 24.Bf4 Rc8 25.Ra6 Nb6 26.Ra3 Rec7 27.f3 Nxc3 28.g4 Rc4 29.Be3 fxg4
30.Qxg4 Nb5 31.Rd3 Nxd4 32.Bxd4 Rc1 33.Rxc1 Rxc1+ 34.Kf2 Qc6 35.Ra3 Nc8 36.Kg3 Rc4
37.Rd3 Ne7 38.Qg5 Nf5+ 39.Kf2 h6 40.Qd8+ Kh7 41.Bxa7 Rc2+ 42.Ke1 Qa6  0-1

[Event "Moravia-chT 9899"]
[Site "CZE"]
[Date "1999.??.??"]
[Round "7"]
[White "Vavruska, Antonin"]
[Black "Spodny, Josef"]
[Result "1-0"]
[WhiteElo "2215"]
[BlackElo "2265"]

1.e4 e6 2.d4 d5 3.Nc3 Bb4 4.e5 Qd7 5.Qg4 f5 6.Qg3 b6 7.Nf3 Ba6 8.Bxa6 Nxa6
9.O-O O-O-O 10.Ne2 Nb8 11.b3 Bf8 12.c4 Ne7 13.Nf4 h6 14.h4 Nbc6 15.Be3 Kb7
16.Rfd1 g6 17.cxd5 Nxd5 18.Nxg6 Rg8 19.h5 Qf7 20.Bd2 Nce7 21.Nfh4 Nxg6 22.Nxg6 Qg7
23.Rac1 Kb8 24.Qf3 c5 25.dxc5 Bxc5 26.b4 Be7 27.Rc6 Bg5 28.Rxe6 Qf7 29.Bxg5 Qxe6
30.Bxd8 Rxd8 31.Nf4  1-0

[Event "Dresden op"]
[Site "Dresden"]
[Date "1999.??.??"]
[Round "?"]
[White "Negele, M."]
[Black "Uhlmann, Wolfgang"]
[Result "0-1"]
[WhiteElo "2205"]
[BlackElo "2460"]

1.e4 e6 2.d4 d5 3.Nc3 Bb4 4.e5 Ne7 5.a3 Bxc3+ 6.bxc3 c5 7.Qg4 O-O 8.Bd3 Qa5
9.Bd2 f5 10.exf6 Rxf6 11.Qh5 Nf5 12.Nf3 c4 13.Bxf5 Rxf5 14.Ng5 h6 15.h4 Nd7
16.g4 Rf8 17.Ne4 Qa4 18.Ng3 Qxc2 19.g5 Rf7 20.Qe2 e5 21.Rc1 Qh7 22.dxe5 Nc5
23.O-O Bh3 24.gxh6 Nd3 25.Kh2 Bxf1 26.Rxf1 Re8 27.e6 Rf6 28.Qh5 Rfxe6 29.Qxd5 Ne5
30.Kg2 Qd3 31.Qxd3 cxd3 32.hxg7 Nc4 33.Bg5 d2 34.Rd1 Re1 35.Rxd2 Nxd2 36.Bxd2 Rd1
37.Bg5 Kxg7 38.h5 Rd3 39.Nf5+ Kh7  0-1

[Event "Cataluna-ch U20"]
[Site "ESP"]
[Date "1999.??.??"]
[Round "?"]
[White "Pi, Albert"]
[Black "Hernando Rodrigo, Julio Ant"]
[Result "0-1"]
[WhiteElo "2095"]
[BlackElo "2265"]

1.e4 e6 2.d4 d5 3.Nc3 Bb4 4.e5 Ne7 5.a3 Bxc3+ 6.bxc3 c5 7.Qg4 Qc7 8.Qxg7 Rg8
9.Qxh7 cxd4 10.Ne2 Nbc6 11.f4 dxc3 12.Qd3 Bd7 13.Qxc3 Nf5 14.Rb1 O-O-O 15.Bd2 d4
16.Qd3 f6 17.exf6 e5 18.f7 Rg7 19.Qc4 Nd6 20.Qd5 Nxf7 21.fxe5 Bf5 22.Qb3 Ncxe5
23.Ng3 Bxc2 24.Qe6+ Kb8 25.Rb5 Rg6  0-1

[Event "Cataluna Club op"]
[Site "ESP"]
[Date "1999.??.??"]
[Round "?"]
[White "Bielsa Franco, Javier"]
[Black "Gonzalez Garcia, Marc"]
[Result "1-0"]
[WhiteElo "2225"]
[BlackElo "2075"]

1.e4 e6 2.d4 d5 3.Nc3 Bb4 4.e5 b6 5.f4 Nh6 6.Nf3 Qd7 7.Bd3 Ba6 8.Bxa6 Nxa6
9.Qd3 Nb8 10.O-O Nc6 11.Ne2 f5 12.exf6 gxf6 13.Ng3 O-O-O 14.f5 Nxf5 15.Nxf5 exf5
16.Nh4 Bd6 17.Nxf5 Qf7 18.Bf4 Bxf4 19.Rxf4 Ne7 20.a4 Kb8 21.a5 Nxf5 22.Rxf5 Rd6
23.Qf3 Re8 24.axb6 cxb6 25.Qg3 Qe7 26.Rxd5 Rd8 27.Rxd6 Qxd6 28.Qxd6+ Rxd6
29.c3 a5 30.Kf2 Kc7 31.Ke3 Re6+ 32.Kd3 f5 33.Rf1 Rh6 34.h3 Rf6 35.Rf2 Rg6
36.Ke3 Kd6 37.Kf4 h6 38.g3  1-0

[Event "Cataluna Club op"]
[Site "ESP"]
[Date "1999.??.??"]
[Round "?"]
[White "Vera Pons, Felipe"]
[Black "Serrano Pertinez, Miguel"]
[Result "0-1"]
[WhiteElo "2010"]
[BlackElo "2210"]

1.d4 e6 2.e4 d5 3.Nc3 Bb4 4.e5 Ne7 5.Bd2 c5 6.Nf3 cxd4 7.Nb5 Bxd2+ 8.Qxd2 O-O
9.Bd3 Nbc6 10.O-O Ng6 11.Rae1 Qb6 12.Bxg6 fxg6 13.Nbxd4 Bd7 14.c3 Rac8 15.Rb1 Qa5
16.Rfe1 a6 17.a3 h6 18.Qd3 g5 19.Nxc6 bxc6 20.Qg6 Rf7 21.h4 gxh4 22.Nxh4 Qb6
23.Rf1 c5 24.Rfe1 Rcf8 25.Re3 c4 26.Nf3 Rf5 27.Nd4 Rg5 28.Qc2 Be8 29.Rbe1 Bg6
30.Qd2 Be4 31.Rxe4 dxe4 32.Rxe4 Qb7 33.Qe2 Rf4 34.f3 Rxe4 35.fxe4 Rxe5 36.Qxc4 Rxe4
37.b4 Kh7 38.Qd3 Kh8 39.c4 Rg4 40.Nf3 e5 41.Qd8+ Kh7 42.Qf8 Qe4 43.c5 Qb1+
44.Kh2 Qg6 45.Ne1 Qh5+ 46.Kg1 Rf4 47.Qe7 Qe2 48.Nf3 Rg4  0-1

[Event "Cataluna-chT"]
[Site "ESP"]
[Date "1999.??.??"]
[Round "1"]
[White "Martin Gonzalez, Angel"]
[Black "Narciso Dublan, Marc"]
[Result "0-1"]
[WhiteElo "2490"]
[BlackElo "2500"]

1.e4 e6 2.d4 d5 3.Nc3 Bb4 4.e5 Ne7 5.Qg4 c5 6.a3 Qa5 7.Ne2 cxd4 8.axb4 Qxa1
9.Nb5 O-O 10.Nc7 Na6 11.Nxa8 Nxb4 12.Kd1 Nec6 13.Nf4 Nxe5 14.Qg3 Na2 15.Ne2 Nc4
16.Qb3 Bd7 17.Qxb7 Nxc1 18.Nxc1 Nxb2+ 19.Kd2 Qa5+ 20.Ke2 Qb5+ 21.Qxb5 Bxb5+  0-1

[Event "Cataluna-chT"]
[Site "ESP"]
[Date "1999.??.??"]
[Round "3"]
[White "Rahal, Michael"]
[Black "Hernando Rodrigo, Julio Ant"]
[Result "1/2-1/2"]
[WhiteElo "2465"]
[BlackElo "2340"]

1.e4 e6 2.d4 d5 3.Nc3 Bb4 4.e5 Ne7 5.a3 Bxc3+ 6.bxc3 c5 7.a4 Nbc6 8.Nf3 Qa5
9.Bd2 Bd7 10.Bb5 f6 11.Qe2 Qc7 12.O-O O-O-O 13.a5 c4 14.a6 b6 15.Bxc6 Nxc6
16.Bc1 fxe5 17.Nxe5 Rhf8 18.Ba3 Rf4 19.Nxc6 Qxc6 20.Qe5 Re4 21.Qxg7 e5 22.f3 Re2
23.Rf2 Rxf2 24.Kxf2 Qa4 25.Kg1 Qxc2 26.Bb4 exd4 27.Qxd4 Rg8 28.Qf2 Qd3 29.Re1 Re8
30.Rxe8+ Bxe8 31.Qe1 Bd7 32.h3 d4 33.Qe5 Qe3+ 34.Qxe3 dxe3 35.Kf1 Bb5 36.Ke2 Kd7
37.Kxe3 Bxa6 38.Kd4 Ke6 39.Bf8 Bb7 40.h4 Bd5 41.Bh6 a6 42.Bg5 b5 43.Bd8 Bb7
44.Kc5 Kf5 45.Bg5 h5 46.Kd6 a5 47.Kc5 b4 48.cxb4 axb4 49.Kxb4 Bd5 50.Kc5 Bg8
51.Kd4 Bf7 52.Bd2 Bg8 53.Ke3 Bd5 54.Kf2 Bc6 55.Kg3 Bb7 56.Kh3 Kg6 57.Bc3 Bc6
58.Kg3 Kf5 59.Kf2 Bd5 60.Ke3 Bf7 61.Kd4 Bg8 62.Bd2 Bf7  1/2-1/2

[Event "Cataluna-chT"]
[Site "ESP"]
[Date "1999.??.??"]
[Round "5"]
[White "Martin Gonzalez, Angel"]
[Black "Hernando Rodrigo, Julio Ant"]
[Result "0-1"]
[WhiteElo "2490"]
[BlackElo "2340"]

1.e4 e6 2.d4 d5 3.Nc3 Bb4 4.e5 Ne7 5.Bd2 c5 6.Nb5 Bxd2+ 7.Qxd2 O-O 8.dxc5 Nd7
9.f4 Nxc5 10.Bd3 Qb6 11.O-O-O Bd7 12.Nd4 Nc6 13.Ngf3 Nb4 14.Kb1 Rfc8 15.Rhe1 Ba4
16.Rc1 Ncxd3 17.cxd3 Bb5 18.Rxc8+ Rxc8 19.Re3 Qa6 20.a3 Bxd3+ 21.Ka1 Nc2+
22.Nxc2 Bxc2 23.Nd4 Be4 24.g4 h6 25.f5 b5 26.fxe6 fxe6 27.g5 hxg5 28.Re1 Qb6
29.Rg1 g6 30.Rxg5 Rc4 31.Nb3 b4 32.Rg3 bxa3 33.bxa3 Qa6 34.Nd4 Ra4 35.Qc1 Rxd4
36.Qg1 Qa4 37.Rxg6+ Bxg6 38.Qxg6+ Kf8 39.Qf6+ Ke8 40.Qxe6+ Kd8 41.Qd6+ Kc8
42.Qc5+ Kb7 43.Qe7+ Kb6 44.Qd8+ Kc5 45.Qf8+ Kc4 46.Qf1+ Kc3 47.Qe1+ Rd2 48.Qg3+ Kc2
49.Qg6+ Qe4  0-1

[Event "Oberliga Nord O9899"]
[Site "GER"]
[Date "1999.??.??"]
[Round "?"]
[White "Reichenbach, Werner"]
[Black "Rosenthal, Dirk"]
[Result "1/2-1/2"]
[WhiteElo "2280"]
[BlackElo "2340"]

1.e4 e6 2.d4 d5 3.Nc3 Bb4 4.e5 b6 5.Qg4 Bf8 6.Bb5+ c6 7.Ba4 Bd7 8.Nf3 Ne7
9.Ne2 c5 10.Bxd7+ Qxd7 11.dxc5 h5 12.Qh3 bxc5 13.O-O Qa4 14.Nc3 Qc6 15.Bg5 Nd7
16.a3 f6 17.exf6 gxf6 18.Bd2 e5 19.Rfe1 O-O-O 20.b4 c4 21.a4 Kb7 22.a5 d4
23.b5 Qc5 24.Ne4 Qd5 25.Bb4 Nc8 26.Bxf8 Rhxf8 27.Nh4 Ne7 28.Nf5 Nxf5 29.Qxf5 Rfe8
30.h4 Qe6 31.Qf3 Kb8 32.b6 Qc6 33.Rab1 Re6 34.Rb4 axb6 35.axb6 c3 36.Ra1 Nxb6
37.Ra6 Qb7 38.Nc5 Qxf3 39.gxf3 d3 40.cxd3 c2 41.Ra1 Rc6 42.Rc1 Rxc5 43.Rxb6+ Kc7
44.Rb2 Rd4 45.Rbxc2 Rxc2 46.Rxc2+ Kd6 47.Rc8 Rxh4 48.Rh8 Rf4 49.Rxh5 Rxf3
50.Rh8 Ke7 51.d4 e4 52.Ra8 Rd3 53.Ra4 Ke6 54.Kg2 Kf5 55.Ra5+ Kf4 56.Rd5 Rd1
57.Rd6 f5 58.Rd5 Kg4 59.Rd8 Rd2 60.Rg8+ Kf4 61.Re8 Rxd4 62.Re7 Rd2 63.Re8 Re2
64.Ra8 Rb2 65.Re8 Ra2 66.Re7 Kg5 67.Re8 Kf6 68.Kg3 Ra3+ 69.Kg2 Ra7 70.Kg3 Rg7+
71.Kf4 Rg4+ 72.Ke3 Rh4 73.Rf8+ Ke6 74.Re8+ Kf7 75.Re5 Kf6 76.Re8 Rh3+ 77.Ke2 Rh1
78.f3 Rh2+ 79.Kf1 exf3 80.Re3 f2 81.Rg3 Ke5 82.Ra3  1/2-1/2

[Event "NRW-Liga I 9899"]
[Site "GER"]
[Date "1999.??.??"]
[Round "6"]
[White "Vetter, Herbert"]
[Black "Mueller, Michael"]
[Result "0-1"]
[WhiteElo "2220"]
[BlackElo "2255"]

1.e4 e6 2.d4 d5 3.Nc3 Bb4 4.e5 Ne7 5.Bg5 h6 6.Bxe7 Bxc3+ 7.bxc3 Qxe7 8.Ne2 Qa3
9.g3 Nd7 10.Bg2 Nb6 11.O-O Bd7 12.Qb1 O-O 13.Qb3 Qa6 14.Nf4 Ba4 15.Qb4 Bxc2
16.Rfc1 Qa4 17.Qe7 Rac8 18.Bf1 Bf5 19.Nh5 Qe8 20.Qh4 Qd8 21.Qf4 Qg5 22.Be2 Qxf4
23.Nxf4 c5 24.g4 Be4 25.f3 Bh7 26.a4 cxd4 27.a5 Nc4 28.cxd4 Ne3 29.Kf2 Nc2
30.Ra4 Rc3 31.Rb1 Rb8 32.Rb2 Kf8 33.Ba6 b6 34.Ke2 Re3+ 35.Kd2 Rxf3 36.Nd3 Bxd3
37.Bxd3 Ne3 38.Ke2 Rh3 39.Rb3 Nxg4 40.axb6 axb6 41.Rba3 g6 42.Kf1 Rxh2 43.Be2 h5  0-1

[Event "NRW-Liga I 9899"]
[Site "GER"]
[Date "1999.??.??"]
[Round "8"]
[White "Krug, Georg"]
[Black "Mueller, Michael"]
[Result "0-1"]
[WhiteElo "2030"]
[BlackElo "2255"]

1.e4 e6 2.d4 d5 3.Nc3 Bb4 4.e5 Ne7 5.a3 Bxc3+ 6.bxc3 Bd7 7.h4 Ba4 8.h5 h6
9.Nf3 Nd7 10.Bd3 c5 11.O-O c4 12.Be2 Nb6 13.g3 Kd7 14.Nh4 Qg8 15.Ng2 Qh7
16.Ra2 Rae8 17.Ne3 Kc8 18.Bg4 Kb8 19.Rb2 Nc6 20.Ng2 Ne7 21.Ne3 Bd7 22.Bd2 Na4
23.Rb1 Bc6 24.Re1 Ka8 25.Rb4 a5 26.Rb1 b5 27.Bh3 Rb8 28.Qg4 Rhc8 29.Bg2 Ka7
30.Qh4 Nf5 31.Qf4 Nxe3 32.Qxe3 Qxc2 33.Rec1 Qh7 34.Qf4 Qg8 35.Bf3 Qf8 36.Ra1 Qe7
37.Bd1 Nb6 38.Rcb1 Rb7 39.Qg4 Qf8 40.Bc1 Rcb8 41.Qf3 Qe7 42.Qg4 Qf8 43.Kh2 Nc8
44.Qf3 Rb6 45.g4 R8b7 46.Qg3 Ne7 47.Qf4 Bd7 48.Bc2 Nc6 49.Bd1 Qe7 50.Kg3 Kb8
51.Qd2 Kc7 52.Bc2 Be8 53.f4 f6 54.Bd1 fxe5 55.fxe5 Kb8 56.Qe3 Qf8 57.Bf3 g5
58.Ra2 b4 59.axb4 axb4 60.cxb4 Rxb4 61.Rxb4 Qxb4 62.Bd1 Na7 63.Rf2 Nb5 64.Rf6 c3
65.Rxh6 Bc6 66.Qxg5 c2 67.Bf3 Qe1+ 68.Kg2  0-1

[Event "GER-ch 11th Seniors"]
[Site "Germany"]
[Date "1999.??.??"]
[Round "?"]
[White "Zunker, Reinhard"]
[Black "Steglich, Walter"]
[Result "1/2-1/2"]
[WhiteElo "2210"]
[BlackElo "1995"]

1.e4 e6 2.d4 d5 3.Nc3 Bb4 4.e5 Ne7 5.Qg4 Kf8 6.h4 b6 7.h5 h6 8.Bd2 Ba6 9.Nge2 c5
10.a3 Bxc3 11.bxc3 Qc7 12.Rh3 Nbc6 13.Rf3 Nd8 14.Nf4 Bc8 15.Ng6+ Nxg6 16.hxg6 c4
17.g3 Qe7 18.gxf7 Bd7 19.Bh3 Nxf7 20.Qg6 Re8 21.Bg4 Kg8 22.Ke2 Ng5 23.Bxg5 hxg5
24.Rf6 Rh6 25.Qxg5 Rxf6 26.exf6 Qxf6 27.Qh5 Qh6 28.Qxh6 gxh6 29.Rh1 Kg7 30.Ke3 Rf8
31.f4 Rf6 32.Bf3 Be8 33.Bh5 Bxh5 34.Rxh5 Rf5 35.Rh2 h5 36.Kf3 Kg6 37.g4 hxg4+
38.Kxg4 Kg7 39.a4 Rf6 40.Rh1 Rg6+ 41.Kf3 Rh6 42.Re1 Kf6 43.Kg3 Rg6+ 44.Kf3 Rh6
45.Kg3  1/2-1/2

[Event "DDMM (Women)"]
[Site "Germany"]
[Date "1999.??.??"]
[Round "1.4"]
[White "Lind, Stephanie"]
[Black "Hausmann, Ilka"]
[Result "0-1"]
[WhiteElo "1795"]
[BlackElo "2165"]

1.e4 e6 2.d4 d5 3.Nc3 Bb4 4.e5 Ne7 5.Bg5 c5 6.Nf3 Nbc6 7.Bb5 Bxc3+ 8.bxc3 Qa5
9.Bxc6+ bxc6 10.Bd2 Ba6 11.Nh4 Qa4 12.Be3 Rb8 13.f4 Rb2 14.Rc1 Qc4 15.Qd2 cxd4
16.cxd4 O-O 17.g4 Rxa2 18.f5 Rb8 19.f6 Ng6 20.Nxg6 hxg6 21.h4 Rbb2 22.Kd1 Rxc2
23.Qxc2 Rxc2 24.Rxc2 Qd3+ 25.Bd2 Qf3+  0-1

[Event "Gyongyos op"]
[Site "Gyongyos"]
[Date "1999.??.??"]
[Round "4"]
[White "Hajnal, Zoltan"]
[Black "Portisch, Ferenc"]
[Result "1/2-1/2"]
[WhiteElo "2300"]
[BlackElo "2385"]

1.e4 e6 2.d4 d5 3.Nc3 Bb4 4.e5 Ne7 5.Bd2 b6 6.Qg4 Nf5 7.Bd3 c5 8.Qf4 Qh4
9.Qxh4 Nxh4 10.g3 Bxc3 11.Bxc3  1/2-1/2

[Event "Alfoeld Cup op"]
[Site "Hajduszoboszlo"]
[Date "1999.??.??"]
[Round "4"]
[White "Varadi, Viktor"]
[Black "Emodi, Barnabas"]
[Result "0-1"]
[WhiteElo "2230"]
[BlackElo "2435"]

1.e4 e6 2.d4 d5 3.Nc3 Bb4 4.e5 b6 5.Bb5+ c6 6.Bd3 Ba6 7.a3 Bxd3 8.Qxd3 Bf8
9.f4 Ne7 10.Nf3 h5 11.Be3 Nf5 12.Bf2 Nd7 13.Ne2 Be7 14.Ng3 g6 15.Nxf5 gxf5
16.h4 Qc7 17.Ng5 Rc8 18.Be3 c5 19.c3 cxd4 20.cxd4 Qc2 21.Qd2 Bxg5 22.hxg5 Qe4
23.Rc1 Ke7 24.Kf2 a5 25.b4 Rc4 26.Rxc4 dxc4 27.Qe2 c3 28.Rc1 axb4 29.axb4 h4
30.Qf3 Rc8 31.Qh5 Ra8 32.Qe2 Ra3 33.b5 Rb3 34.Rc2 Qxc2 35.Qxc2 Rb2  0-1

[Event "Alfoeld Cup op"]
[Site "Hajduszoboszlo"]
[Date "1999.??.??"]
[Round "5"]
[White "Gonczi, Jozsef"]
[Black "Szelenyi, Norbert"]
[Result "0-1"]
[WhiteElo "2210"]
[BlackElo "2355"]

1.e4 e6 2.d4 d5 3.Nc3 Bb4 4.e5 Ne7 5.a3 Bxc3+ 6.bxc3 c5 7.Qg4 O-O 8.Bd3 f5
9.exf6 Rxf6 10.Bg5 Rf7 11.Qh5 g6 12.Qh4 Nbc6 13.Nf3 Qa5 14.Bd2 c4 15.Be2 Nf5
16.Qg5 Bd7 17.h4 Raf8 18.Nh2 h6 19.Qxg6+ Rg7 20.Qh5 Be8 21.Qf3 Ng3  0-1

[Event "Alfoeld Cup op"]
[Site "Hajduszoboszlo"]
[Date "1999.??.??"]
[Round "6"]
[White "Varadi, Viktor"]
[Black "Bencze, Laszlo"]
[Result "0-1"]
[WhiteElo "2230"]
[BlackElo "2300"]

1.e4 e6 2.d4 d5 3.Nc3 Bb4 4.e5 b6 5.a3 Bf8 6.Nf3 Ne7 7.h4 h6 8.h5 Ba6 9.Bxa6 Nxa6
10.Ne2 Qd7 11.Qd3 Nb8 12.Nf4 Nbc6 13.Bd2 a5 14.b3 a4 15.b4 Na7 16.g4 Qb5
17.Qe3 O-O-O 18.Nd3 Rd7 19.Ng1 Qc4 20.c3 Nec6 21.f4 Be7 22.Ne2 Nd8 23.Nb2 Qb5
24.Qf3 Kb8 25.Qd3 Qxd3 26.Nxd3 c6 27.O-O-O Nb5 28.Kb2 Rc7 29.f5 c5 30.Ndf4 Bg5
31.fxe6 Bxf4 32.Nxf4 fxe6 33.Ng6 Re8 34.Be1 cxd4 35.cxd4 Rf7 36.Rh3 Nc6 37.Rhd3 Rc8
38.Bh4 Rfc7 39.Nf4 Ncxd4 40.R1d2 Rc2+ 41.Rxc2 Rxc2+ 42.Kb1 Nc3+ 43.Rxc3 Rxc3
44.Bf2 Rf3  0-1

[Event "Havana Provincial"]
[Site "Havana"]
[Date "1999.??.??"]
[Round "?"]
[White "Pujols, Carlos"]
[Black "Ibanez, Dagoberto"]
[Result "1/2-1/2"]
[WhiteElo "2330"]
[BlackElo "2230"]

1.e4 e6 2.d4 d5 3.Nc3 Bb4 4.e5 b6 5.a3 Bf8 6.Bb5+ c6 7.Ba4 b5 8.Bb3 a5 9.Nce2 Nd7
10.Nf3 c5 11.c3 Ne7 12.Nf4 h6 13.Bc2 Qc7 14.O-O Ba6 15.dxc5 Nxc5 16.Nd4 Nc6
17.b4 Nxd4 18.cxd4 Nd7 19.Bd2 Nb6 20.bxa5 Nc4 21.Bb4 Nxa5 22.Qg4 Bc8 23.Bd3 Nc4
24.Nh5 g6 25.Nf6+ Kd8 26.Bxf8 Rxf8 27.Qh4 Qe7 28.Qxh6 Rxa3 29.Rxa3 Qxa3 30.h4 Kc7
31.Qg7 Kb6 32.Be2 Qe7 33.g4 Nd2 34.Rc1 Ne4 35.h5 gxh5 36.gxh5 Nxf6 37.exf6 Qd6
38.Qg3 Qxg3+ 39.fxg3 e5 40.Rc5 exd4 41.Rxd5 Kc6 42.Rxd4 Kc5 43.Re4 Kd5 44.Rf4 Bd7
45.Kf2 Ke5 46.Ke3 Rb8 47.Bd3 Rg8 48.Kf2 Rh8 49.Be2 Rh6  1/2-1/2

[Event "HUN-chT9899"]
[Site "HUN"]
[Date "1999.??.??"]
[Round "?"]
[White "Ruck, Tamas"]
[Black "Meszaros, Gyula"]
[Result "1/2-1/2"]
[WhiteElo "2330"]
[BlackElo "2305"]

1.e4 e6 2.d4 d5 3.Nc3 Bb4 4.e5 Ne7 5.f4 c5 6.Bd2 b6 7.Nb5 Bxd2+ 8.Qxd2 O-O
9.Nf3 Ba6 10.c3 Qd7 11.Nd6 Nc8 12.Nxc8 Qxc8 13.Bd3 Bxd3 14.Qxd3 Qa6 15.Qxa6 Nxa6
16.Kd2 Rfc8 17.Rhc1  1/2-1/2

[Event "HUN-chT9899"]
[Site "HUN"]
[Date "1999.??.??"]
[Round "?"]
[White "Cao Sang"]
[Black "Emodi, Barnabas"]
[Result "1-0"]
[WhiteElo "2495"]
[BlackElo "2400"]

1.e4 e6 2.d4 d5 3.Nc3 Bb4 4.e5 b6 5.Nf3 Qd7 6.Bd3 Ba6 7.O-O Bxc3 8.bxc3 Qa4
9.Be3 Ne7 10.Qe2 Bc4 11.Rfb1 Nbc6 12.Nd2 Na5 13.Nxc4 dxc4 14.Be4 Nd5 15.Qg4 Kf8
16.Bxd5 exd5 17.e6 Qe8 18.exf7 Qxf7 19.Re1 Kg8 20.Bg5 h6 21.Bh4 Re8 22.Rxe8+ Qxe8
23.f3 Qe3+ 24.Bf2 Qg5 25.Qe6+ Kh7 26.Re1 Rf8 27.Bg3 Rf6 28.Qe5 Qd2 29.Qxd5 Qxc3
30.Re8 Qxc2 31.h4 Rf5 32.Qg8+ Kg6 33.Re6+ Rf6 34.Be5  1-0

[Event "HUN-chT9899"]
[Site "HUN"]
[Date "1999.??.??"]
[Round "?"]
[White "Bagonyai, Attila"]
[Black "Berkes, Ferenc"]
[Result "0-1"]
[WhiteElo "2315"]
[BlackElo "2290"]

1.e4 e6 2.d4 d5 3.Nc3 Bb4 4.e5 Ne7 5.a3 Bxc3+ 6.bxc3 c5 7.a4 Qa5 8.Bd2 Nbc6
9.Nf3 Bd7 10.Bd3 O-O-O 11.O-O c4 12.Be2 f6 13.Re1 fxe5 14.dxe5 Rhf8 15.Bf1 Rf5
16.g4 Rff8 17.Bg2 Ng6 18.Qc1 Qc7 19.Bg5 Rde8 20.Kh1 Rf7 21.Be3 h6 22.Bd4 Ref8
23.Re3 h5 24.gxh5 Nf4 25.Qd2 Rh8 26.Ng1 Rxh5 27.Ne2 Nxe5 28.Ng3 Nxg2 29.Rxe5 Rxe5
30.Kxg2 g5 31.Bxe5 Qxe5 32.a5 Bc6 33.Qd4 Qf4 34.Re1 Kd7 35.Re5 Qf3+ 36.Kg1 Rf4
37.Qc5 d4  0-1

[Event "Jyvaskyla We JyS"]
[Site "Jyvaskyla"]
[Date "1999.??.??"]
[Round "2"]
[White "Luukkonen, Tommi"]
[Black "Tolonen, Leo Toivovich"]
[Result "0-1"]
[WhiteElo "2155"]
[BlackElo "2329"]

1.e4 e6 2.d4 d5 3.Nc3 Bb4 4.e5 Qd7 5.a3 Bxc3+ 6.bxc3 b6 7.Qg4 f6 8.Qg3 Ba6
9.Bxa6 Nxa6 10.Ne2 O-O-O 11.O-O Nb8 12.Re1 Nc6 13.Bf4 g5 14.exf6 gxf4 15.Qg7 Nxf6
16.Qxf6 Rdf8 17.Qh6 Qd6 18.Nc1 e5 19.Qh3+ Kb7 20.dxe5 Nxe5 21.Nd3 Nxd3 22.cxd3 f3
23.g3 Rf6 24.d4 h5 25.Qh4 Rg6 26.Re5 Rg4 27.Qh3 Re4 28.Rxe4 dxe4 29.Qf5 Re8
30.Qxh5 Qc6 31.c4 e3 32.Re1 exf2+ 33.Kxf2 Rxe1 34.Kxe1 Qe4+  0-1

[Event "Fide Mercenarios 39th"]
[Site "Mexico"]
[Date "1999.??.??"]
[Round "5"]
[White "Casillas Pellat, Jose Jesus"]
[Black "Acevedo, Armando"]
[Result "0-1"]
[WhiteElo "2150"]
[BlackElo "2265"]

1.e4 e6 2.d4 d5 3.Nc3 Bb4 4.e5 Ne7 5.Nf3 c5 6.a3 Ba5 7.dxc5 Bxc3+ 8.bxc3 Qa5
9.Qd2 Nd7 10.c4 Qxc5 11.cxd5 Qxd5 12.Qxd5 Nxd5 13.Bb2 O-O 14.Bc4 N7b6 15.Bb3 Bd7
16.a4 Rfc8 17.O-O Nc4 18.Bd4 Na5 19.Nd2 Nf4 20.Be3 Ne2+ 21.Kh1 Nc3 22.Bd4 b6
23.h3 Rc7 24.Bxc3 Rxc3 25.Ne4 Nxb3 26.Nxc3 Nxa1 27.Rxa1 Rc8 28.Ne4 Rxc2 29.Rd1 Rc7  0-1

[Event "Miskolc Avas op"]
[Site "Miskolc"]
[Date "1999.??.??"]
[Round "5"]
[White "Boer, Levente"]
[Black "Gonczi, Jozsef"]
[Result "1-0"]
[WhiteElo "2170"]
[BlackElo "2210"]

1.e4 e6 2.d4 d5 3.Nc3 Bb4 4.e5 b6 5.Qg4 Kf8 6.Bg5 Qd7 7.Nf3 Ne7 8.Bd3 Ba6
9.Rd1 c5 10.O-O Bxd3 11.Rxd3 c4 12.Rdd1 Bxc3 13.bxc3 Nbc6 14.Nh4 h5 15.Qh3 Ke8
16.f4 g6 17.Nf3 Kd8 18.Bf6 Rf8 19.f5 gxf5 20.Qxh5 Qe8 21.Ng5 Kc7 22.Bg7 Rg8
23.Qh6 f4 24.g4 Ng6 25.h4 Nxh4 26.Rxf4 Nd8 27.Rdf1  1-0